Religion General Knowledge #4 - Statistics

General Stats
  • This quiz has been taken 617 times
    598 since last reset
  • The average score is 17 of 26
Answer Stats
Hint Answer % Correct
Country with the highest Jewish population Israel/United States
99%
Country with the highest Hindu population India
95%
Country with the highest Sikh population India
95%
What type of bird brought an olive branch to Noah? Dove
88%
Country with the highest Buddhist population China
87%
Who was the king of the Greek gods? Zeus
87%
What is the first book of the Bible? Genesis
86%
Who was the giant slain by David? Goliath
85%
Where was Muhammad from? Saudi Arabia
84%
Who is the Egyptian sun god? Ra
83%
What ancient country was Zoroastrianism founded? Persia
82%
Who was the Greek god of the underworld? Hades
80%
What weapon did David use? Slingshot
75%
What is the original religion of Japan? Shinto
74%
Country with the highest Muslim population Indonesia
67%
What mountain did Moses climb? Mt. Sinai
64%
Country with the highest Christian population United States
58%
Who founded Mormonism? Joseph Smith
57%
What was the Buddha's name? Siddhartha Gautama
45%
Who founded Scientology? L. Ron Hubbard
42%
How many theses did Martin Luther post on the church door? 95
38%
What was the first plague that God incurred on the Egyptians? Blood
37%
On what hill was Jesus crucified on? Calvary
34%
What do historians speculate that the "forbidden fruit" actually was? Fig
24%
Who is the founder of Sikhism? Guru Nanak
18%
What is the least religious country? Estonia
8%
No matching quizzes found
Score Distribution
Percent of People with Each Score
Percentile by Number Answered
Your Score History
You have not taken this quiz since the last reset